Computer applications in construction /

Overview and background; Computer technology; Application planning, development, and management; Application development tools; Application packages; Future trends.

में बचाया:
ग्रंथसूची विवरण
मुख्य लेखक: Paulson, Boyd C.
स्वरूप: पुस्तक
भाषा:English
प्रकाशित: NewYork : McGraw-Hill, 1995.
विषय:
टैग : टैग जोड़ें
कोई टैग नहीं, इस रिकॉर्ड को टैग करने वाले पहले व्यक्ति बनें!
Thư viện lưu trữ: Mạng thư viện Đại học Đà Nẵng
LEADER 01451cam a2200385 a 4500
001 000045066
003 4184
005 20060626103926.0
008 010220b1995 vm 000 eng
020 |a 007048967X 
040 |a IRC  |c IRC  |d IRC 
041 0 |a eng 
082 1 4 |a 004.024624  |b PA-B 
100 1 |a Paulson, Boyd C. 
245 1 0 |a Computer applications in construction /  |c Boyd C. Paulson, Jr. 
260 |a NewYork :  |b McGraw-Hill,  |c 1995. 
300 |a xxx, 610 p. :  |b ill. ;  |c 23 cm. 
500 |a Includes bibliographical references and index. 
520 3 |a Overview and background; Computer technology; Application planning, development, and management; Application development tools; Application packages; Future trends. 
630 0 4 |a Computers. 
650 0 4 |a Engineering  |x Management  |x Data processing. 
650 0 4 |a Contractors' operations  |x Data processing. 
650 0 4 |a Construction industry  |x Management  |x Data processing. 
OWN |a DUT 
AVA |a UDN50  |b DUT  |c Book  |d 004.024624 PA-B  |e available  |t Error 5001 Not defined in file expand_doc_bib_avail.  |f 1  |g 0  |h N  |i 0  |j SH  |k 1 
999 |a From the UDN01 
AVA |a UDN50  |b DUT  |c Book  |d 004.024624 PA-B  |e available  |t Error 5001 Not defined in file expand_doc_bib_avail.  |f 1  |g 0  |h N  |i 0  |j SH  |k 1 
TYP |a Monograph 
TYP |a Printed language 
980 |a Mạng thư viện Đại học Đà Nẵng